সুন্দরবনের ইতিহাস : খ. ১ / (Record no. 104745)
[ view plain ]
| 000 -LEADER | |
|---|---|
| fixed length control field | 00898nam a22002057a 4500 |
| 003 - CONTROL NUMBER IDENTIFIER | |
| control field | BD-DhUL |
| 005 - DATE AND TIME OF LATEST TRANSACTION | |
| control field | 20220821110806.0 |
| 008 - FIXED-LENGTH DATA ELEMENTS--GENERAL INFORMATION | |
| fixed length control field | 160821s1968 bg abf|| |||| 00| 0 ben |
| 040 ## - CATALOGING SOURCE | |
| Transcribing agency | BD-DhUL |
| Modifying agency | BD-DhUL |
| 082 ## - DEWEY DECIMAL CLASSIFICATION NUMBER | |
| Classification number | 954.925 |
| Item number | JAS |
| 100 1# - MAIN ENTRY--PERSONAL NAME | |
| Personal name | জলীল, এ. এফ. এম আবদুল |
| 245 00 - TITLE STATEMENT | |
| Title | সুন্দরবনের ইতিহাস : খ. ১ / |
| Statement of responsibility, etc. | এ. এফ. এম আবদুল জলীল । |
| 250 ## - EDITION STATEMENT | |
| Edition statement | পরিবর্তিত ও পরিবর্ধিত সং |
| 260 ## - PUBLICATION, DISTRIBUTION, ETC. (IMPRINT) | |
| Place of publication, distribution, etc. | ঢাকা : |
| Name of publisher, distributor, etc. | লিস্কম্যান, |
| Date of publication, distribution, etc. | ১৯৬৮ । |
| 300 ## - PHYSICAL DESCRIPTION | |
| Extent | খ., [৬] পাতা প্লেটস : |
| Other physical details | সম্মুখ চিত্র, মানচিত্র ; |
| Dimensions | ২১ সেমি. |
| 365 ## - TRADE PRICE | |
| Price type code | BDT |
| Price amount | 10.00 |
| 651 #4 - SUBJECT ADDED ENTRY--GEOGRAPHIC NAME | |
| Geographic name | সু্ন্দরবন |
| General subdivision | ইতিহাস । |
| 651 #4 - SUBJECT ADDED ENTRY--GEOGRAPHIC NAME | |
| Geographic name | Sundarbans |
| General subdivision | History. |
| 942 ## - ADDED ENTRY ELEMENTS (KOHA) | |
| Source of classification or shelving scheme | |
| Koha item type | Books |
| Price effective from | Date last seen | Permanent Location | Not for loan | Date acquired | Source of classification or shelving scheme | Koha item type | Lost status | Withdrawn status | Copy number | Source of acquisition | Collection code | Damaged status | Shelving location | Barcode | Current Location | Full call number |
|---|---|---|---|---|---|---|---|---|---|---|---|---|---|---|---|---|
| 2016-09-07 | Dhaka University Library | 2016-09-07 | Books | 1 | Purchased | Non Fiction | General Stacks | A66851 | Dhaka University Library | 954.925 JAS | ||||||
| 2016-09-07 | Dhaka University Library | 2016-09-07 | Books | 2 | Purchased | Non Fiction | General Stacks | A66852 | Dhaka University Library | 954.925 JAS | ||||||
| 2016-09-07 | Dhaka University Library | 2016-09-07 | Books | 3 | Purchased | Non Fiction | General Stacks | A66854 | Dhaka University Library | 954.925 JAS | ||||||
| 2016-09-07 | Dhaka University Library | 2016-09-07 | Books | 4 | Purchased | Non Fiction | General Stacks | A66855 | Dhaka University Library | 954.925 JAS | ||||||
| 2016-09-07 | Dhaka University Library | 2016-09-07 | Books | 5 | Purchased | Non Fiction | General Stacks | A66856 | Dhaka University Library | 954.925 JAS | ||||||
| 2016-09-07 | Dhaka University Library | 2022-08-21 | Books | 6 | Purchased | Non Fiction | General Stacks | A66857 | Dhaka University Library | 954.925 JAS | ||||||
| 2016-09-07 | Dhaka University Library | 2016-09-07 | Books | 7 | Purchased | Non Fiction | General Stacks | A66858 | Dhaka University Library | 954.925 JAS | ||||||
| 2016-09-07 | Dhaka University Library | 2016-09-07 | Books | 8 | Purchased | Non Fiction | General Stacks | A66859 | Dhaka University Library | 954.925 JAS | ||||||
| 2016-09-07 | Dhaka University Library | 2016-09-07 | Books | 9 | Purchased | Non Fiction | General Stacks | A66860 | Dhaka University Library | 954.925 JAS | ||||||
| 2016-09-07 | Dhaka University Library | 2016-09-07 | Books | 10 | Purchased | Non Fiction | General Stacks | A66861 | Dhaka University Library | 954.925 JAS | ||||||
| 2022-08-21 | 2022-08-21 | Dhaka University Library | 2022-08-21 | Books | 11 | Purchased | Non Fiction | General Stacks | A66862 | Dhaka University Library | 954.925 JAS |
